000 00594nam a22001937a 4500
010 _aENG-112142
020 _a9780199458295
_c675.00
020 _a0199458294
_c675.00
035 _aEN-95674
037 _bDBAD/PUB
082 _a332
100 _aNair, Tara
245 _aInclusive finance India report 2014 /
_cby Tara Nair [and] Ajay Tankha
260 _aNew Delhi
_bOxford University Press
_c2015
270 _aYMCA Library Building, 1, Jai Singh Road,
_bNew Delhi
_e110001
300 _axv,168p.:
_c30cm(pbk)
700 _aTankha, Ajay
942 _2ddc
_cEN
_mNAI
_h332
999 _c91336
_d91336